Capital cities with more than one N - Statistics

General Stats
  • This quiz has been taken 41 times
  • The average score is 12 of 18
Answer Stats
Answer % Correct
London
86%
Washington
80%
Tallinn
77%
Antananarivo
74%
Pyongyang
71%
Vienna
71%
Vientiane
71%
Wellington
71%
Copenhagen
66%
Kingston
63%
Kingstown
63%
Santo Domingo
63%
Asuncion
60%
Phnom Penh
60%
San Marino
60%
Bandar Seri Begawan
49%
Bloemfontein
46%
N’Djamena
46%
No matching quizzes found
Score Distribution
Percent of People with Each Score
Percentile by Number Answered
Your Score History
You have not taken this quiz